{"text_format":"3","workbook":"xlsx","n_sheets":3,"sheets":["D 单位工程最高投标限价汇总表","E.1 分部分项工程量清单与计价表","E.1 分部分项工程量清单与计价表 (校核)"],"not_rendered":{"defined_names":2},"read":"whole","date_system":"1900"}

{"sheet":"D 单位工程最高投标限价汇总表","index":0,"n_rows":30,"n_cols":8,"rows_kept":30,"merged":[[0,0,0,3],[0,4,0,5],[1,0,1,5],[2,0,2,1],[2,2,2,3],[2,4,2,5],[3,1,3,2],[3,3,3,4],[4,1,4,2],[4,3,4,4],[5,1,5,2],[5,3,5,4],[6,1,6,2],[6,3,6,4],[7,1,7,2],[7,3,7,4],[8,1,8,2],[8,3,8,4],[9,1,9,2],[9,3,9,4],[10,1,10,2],[10,3,10,4],[11,1,11,2],[11,3,11,4],[12,1,12,2],[12,3,12,4],[13,1,13,2],[13,3,13,4],[14,1,14,2],[14,3,14,4],[15,1,15,2],[15,3,15,4],[16,1,16,2],[16,3,16,4],[17,1,17,2],[17,3,17,4],[18,1,18,2],[18,3,18,4],[19,1,19,2],[19,3,19,4],[20,1,20,2],[20,3,20,4],[21,1,21,2],[21,3,21,4],[22,1,22,2],[22,3,22,4],[23,1,23,2],[23,3,23,4],[24,1,24,2],[24,3,24,4],[25,1,25,2],[25,3,25,4],[26,1,26,2],[26,3,26,4],[27,0,27,2],[27,3,27,4],[28,0,28,3],[28,4,28,5],[29,0,29,3],[29,4,29,5]]}
[]
["单位工程最高投标限价汇总表"]
["工程名称：水电新村17间门面房用水管道改造分户施工",null,"标段：水电新村17间门面房用水管道改造分户施工",null,"第 1 页  共 1 页"]
["序号","汇总内容",null,"金额:(元)",null,"其中：材料、设备暂估价（元）"]
["1","分部分项工程费",null,84593.48,null,null,99415.15,{"$f":"G5-D5","v":14821.669999999998}]
["1.1","  定额人工费",null,16834.31,null,null,18910.29,{"$f":"G6-D6","v":2075.9799999999996}]
["1.2","  定额机械费",null,6585.6,null,null,6601.98,16.3799999999992]
["1.3","  综合费",null,5999.92,null,null,6536.08,536.1599999999999]
["2","措施项目费",null,1294.76,null,null,1439.16,144.4000000000001]
["3","不可竞争费",null,4910.78,null,null,5458.34,547.5600000000004]
["3.1","安全文明施工费",null,4910.78,null,null,5458.34,547.5600000000004]
["3.2","环境保护税",{"$nulls":5},0]
["4","其他项目费",null,4229.67,null,null,4970.76,741.0900000000001]
["4.1","暂列金额",null,4229.67,null,null,4970.76,741.0900000000001]
["4.2","专业工程暂估价",{"$nulls":5},0]
["4.3","计日工",{"$nulls":5},0]
["4.4","总承包服务费",{"$nulls":5},0]
["5","税金",null,8552.58,null,null,10015.51,1462.9300000000003]
{"$rows_empty":9}
["工程造价=1+2+3+4+5",null,null,"103,581.27",null,"0","121,298.92",{"$f":"G28-D28","v":17717.649999999994}]
["说明：本表适用于单位工程最高投标限价或投标报价的汇总，如无单位工程划分，单项工程也使用本表汇总"]
["安徽省建设工程造价计价软件测评合格编号：2018-JS-12"]

{"sheet":"E.1 分部分项工程量清单与计价表","index":1,"n_rows":63,"n_cols":13,"rows_kept":63,"merged":[[0,0,0,12],[1,0,1,12],[2,0,2,3],[2,4,2,8],[2,9,2,12],[3,0,5,0],[3,1,5,1],[3,2,5,2],[3,3,5,4],[3,5,5,5],[3,6,5,6],[3,7,3,12],[4,7,5,7],[4,8,5,9],[4,10,4,12],[6,3,6,4],[6,8,6,9],[7,3,7,4],[7,8,7,9],[8,3,8,4],[8,8,8,9],[9,3,9,4],[9,8,9,9],[10,3,10,4],[10,8,10,9],[11,0,11,12],[12,0,12,12],[13,0,13,12],[14,0,14,3],[14,4,14,8],[14,9,14,12],[15,0,17,0],[15,1,17,1],[15,2,17,2],[15,3,17,4],[15,5,17,5],[15,6,17,6],[15,7,15,12],[16,7,17,7],[16,8,17,9],[16,10,16,12],[18,3,18,4],[18,8,18,9],[19,3,19,4],[19,8,19,9],[20,3,20,4],[20,8,20,9],[21,3,21,4],[21,8,21,9],[22,0,22,12],[23,0,23,12],[24,0,24,12],[25,0,25,3],[25,4,25,8],[25,9,25,12],[26,0,28,0],[26,1,28,1],[26,2,28,2],[26,3,28,4],[26,5,28,5],[26,6,28,6],[26,7,26,12],[27,7,28,7],[27,8,28,9],[27,10,27,12],[29,3,29,4],[29,8,29,9],[30,3,30,4],[30,8,30,9],[31,3,31,4],[31,8,31,9],[32,3,32,4],[32,8,32,9],[33,3,33,4],[33,8,33,9],[34,0,34,12],[35,0,35,12],[36,0,36,12],[37,0,37,3],[37,4,37,8],[37,9,37,12],[38,0,40,0],[38,1,40,1],[38,2,40,2],[38,3,40,4],[38,5,40,5],[38,6,40,6],[38,7,38,12],[39,7,40,7],[39,8,40,9],[39,10,39,12],[41,3,41,4],[41,8,41,9],[42,3,42,4],[42,8,42,9],[43,3,43,4],[43,8,43,9],[44,3,44,4],[44,8,44,9],[45,3,45,4],[45,8,45,9],[46,3,46,4],[46,8,46,9],[47,0,47,12],[48,0,48,12],[49,0,49,12],[50,0,50,3],[50,4,50,8],[50,9,50,12],[51,0,53,0],[51,1,53,1],[51,2,53,2],[51,3,53,4],[51,5,53,5],[51,6,53,6],[51,7,51,12],[52,7,53,7],[52,8,53,9],[52,10,52,12],[54,3,54,4],[54,8,54,9],[55,3,55,4],[55,8,55,9],[56,3,56,4],[56,8,56,9],[57,3,57,4],[57,8,57,9],[58,3,58,4],[58,8,58,9],[59,3,59,4],[59,8,59,9],[60,3,60,4],[60,8,60,9],[61,3,61,4],[61,8,61,9],[62,0,62,12]]}
[]
["分部分项工程量清单计价表"]
["工程名称：水电新村17间门面房用水管道改造分户施工",{"$nulls":3},"标段：水电新村17间门面房用水管道改造分户施工",{"$nulls":4},"第 1 页  共 5 页"]
["序号","项目编码","项目名称","项目特征描述",null,"计量单位","工程量","金额（元）"]
[{"$nulls":7},"综合单价","合价",null,"其中"]
[{"$nulls":10},"定额人工费","定额机械费","暂估价"]
[1,"031001011001","管道碰头","1.名称：不停水开孔\n2.球墨铸铁管开孔DN150*150*50\n3.未尽事宜详见图纸、招标文件、答疑、图集、政府相关文件及规范等其他资料",null,"处",2,1694.45,3388.9,null,758.52,885.18]
[2,"031001011002","管道碰头","1.名称：不停水开孔\n2.球墨铸铁管开孔DN100*100*50\n3.未尽事宜详见图纸、招标文件、答疑、图集、政府相关文件及规范等其他资料",null,"处",1,1271.77,1271.77,null,256.62,354.66]
[3,"031003001001","螺纹阀门","1.名称：梯后免维护阀门\n2.型号：DN50\n3.未尽事宜详见图纸、招标文件、答疑、图集、政府相关文件及规范等其他资料",null,"个",3,329.26,987.78,null,116.76,9.66]
[4,"040504001001","砌筑检查井","1.名称：梯口阀门井\n2.型号：400*400\n3.含井圈井盖\n4.未尽事宜详见图纸、招标文件、答疑、图集、政府相关文件及规范等其他资料",null,"座",3,1160.85,3482.55,null,647.88,15.51]
[5,"031001007001","复合管","1.安装部位:室外\n2.介质:给水\n3.规格、压力等级:衬塑复合管DN50\n4.连接形式:丝扣连接\n5.压力试验及消毒、吹洗设计要求\n6.警示带形式\n7.管件制安\n8.未尽事宜详见图纸、招标文件、答疑、图集、政府相关文件及规范等其他资料",null,"m",99,76.43,7566.57,null,1831.5,127.71]
["安徽省建设工程造价计价软件测评合格编号：2018-JS-12"]
[]
["分部分项工程量清单计价表"]
["工程名称：水电新村17间门面房用水管道改造分户施工",{"$nulls":3},"标段：水电新村17间门面房用水管道改造分户施工",{"$nulls":4},"第 2 页  共 5 页"]
["序号","项目编码","项目名称","项目特征描述",null,"计量单位","工程量","金额（元）"]
[{"$nulls":7},"综合单价","合价",null,"其中"]
[{"$nulls":10},"定额人工费","定额机械费","暂估价"]
[6,"031001007002","复合管","1.安装部位:室外\n2.介质:给水\n3.规格、压力等级:衬塑复合管DN15\n4.连接形式:丝扣连接\n5.压力试验及消毒、吹洗设计要求\n6.警示带形式\n7.管件制安\n8.未尽事宜详见图纸、招标文件、答疑、图集、政府相关文件及规范等其他资料",null,"m",102,32.73,3338.46,null,1265.82,30.6]
[7,"031001006001","塑料管","1.安装部位:室外\n2.介质:给水\n3.规格、压力等级:PE给水管dn20\n4.连接形式:丝扣连接\n5.压力试验及消毒、吹洗设计要求\n6.警示带形式\n7.管件制安\n8.未尽事宜详见图纸、招标文件、答疑、图集、政府相关文件及规范等其他资料",null,"m",170,16.52,2808.4,null,1283.5,3.4]
[8,"031003001002","螺纹阀门","1.名称：磁控阀\n2.型号：DN15\n3.未尽事宜详见图纸、招标文件、答疑、图集、政府相关文件及规范等其他资料",null,"个",17,45.63,775.71,null,123.76,2.55]
[9,"031003001003","螺纹阀门","1.名称：铜闸阀\n2.型号：DN15\n3.未尽事宜详见图纸、招标文件、答疑、图集、政府相关文件及规范等其他资料",null,"个",17,34.29,582.93,null,109.48,18.53]
["安徽省建设工程造价计价软件测评合格编号：2018-JS-12"]
[]
["分部分项工程量清单计价表"]
["工程名称：水电新村17间门面房用水管道改造分户施工",{"$nulls":3},"标段：水电新村17间门面房用水管道改造分户施工",{"$nulls":4},"第 3 页  共 5 页"]
["序号","项目编码","项目名称","项目特征描述",null,"计量单位","工程量","金额（元）"]
[{"$nulls":7},"综合单价","合价",null,"其中"]
[{"$nulls":10},"定额人工费","定额机械费","暂估价"]
[10,"031003013001","水表","1.名称：远传智能水表（含铜接头）\n2.型号：DN15\n3.未尽事宜详见图纸、招标文件、答疑、图集、政府相关文件及规范等其他资料",null,"个",17,234.13,3980.21,null,209.44,2.21]
[11,"ZB010101001001","水表保温套","1.名称：水表保温套\n2.型号：DN15\n3.未尽事宜详见图纸、招标文件、答疑、图集、政府相关文件及规范等其他资料",null,"只",17,20,340]
[12,"ZB010101002001","保温套管","1.名称：保温套管\n2.型号：DN25\n3.配套管卡\n4.未尽事宜详见图纸、招标文件、答疑、图集、政府相关文件及规范等其他资料",null,"m",170,11.95,2031.5,null,766.7,3.4]
[13,"031001006002","塑料管","1.名称：PVC排水管（表后管道套管）\n2.型号：DN50\n3.配套管卡\n4.未尽事宜详见图纸、招标文件、答疑、图集、政府相关文件及规范等其他资料",null,"m",85,23.36,1985.6,null,860.2]
[14,"040504001002","砌筑检查井","1.名称：砖砌水表井\n2.型号：600*400\n3.含铸铁井圈井盖\n4.未尽事宜详见图纸、招标文件、答疑、图集、政府相关文件及规范等其他资料",null,"座",17,967.37,16445.29,null,3059.49,73.27]
["安徽省建设工程造价计价软件测评合格编号：2018-JS-12"]
[]
["分部分项工程量清单计价表"]
["工程名称：水电新村17间门面房用水管道改造分户施工",{"$nulls":3},"标段：水电新村17间门面房用水管道改造分户施工",{"$nulls":4},"第 4 页  共 5 页"]
["序号","项目编码","项目名称","项目特征描述",null,"计量单位","工程量","金额（元）"]
[{"$nulls":7},"综合单价","合价",null,"其中"]
[{"$nulls":10},"定额人工费","定额机械费","暂估价"]
[15,"ZB010101002003","路面破除","1.名称：沥青水泥路面破除\n2.具体要求接合现场\n3.锯缝机锯缝，含面层及基层破除\n4.未尽事宜详见图纸、招标文件、答疑、图集、政府相关文件及规范等其他资料",null,"m",96,18.06,1733.76,null,652.8,653.76]
[16,"ZB010101002004","路面恢复","1.名称：沥青水泥路面恢复\n2.具体要求接合现场，材质及厚度不低于原路面\n3.含面层及基层\n4.未尽事宜详见图纸、招标文件、答疑、图集、政府相关文件及规范等其他资料",null,"m",96,73.69,7074.24,null,631.68,80.64]
[17,"040101002001","挖沟槽土方","1.名称：沟槽土方开挖\n2.未尽事宜详见图纸、招标文件、答疑、图集、政府相关文件及规范等其他资料",null,"m³",108.36,4.71,510.38,null,42.26,347.84]
[18,"040103001001","回填方","1.名称：沟槽土方回填\n2.未尽事宜详见图纸、招标文件、答疑、图集、政府相关文件及规范等其他资料",null,"m³",54.69,15.72,859.73,null,505.34,114.85]
[19,"040103002001","余方弃置","1.名称：余方弃置\n2.运距接合现场自行考虑\n3.未尽事宜详见图纸、招标文件、答疑、图集、政府相关文件及规范等其他资料",null,"m³",53.66,17.64,946.56,null,15.02,708.85]
[20,"WB040501021001","管道垫层","1.名称：管道垫层\n2.材质：中粗砂\n3.未尽事宜详见图纸、招标文件、答疑、图集、政府相关文件及规范等其他资料",null,"m³",15.33,288.17,4417.65,null,468.02,32.19]
["安徽省建设工程造价计价软件测评合格编号：2018-JS-12"]
[]
["分部分项工程量清单计价表"]
["工程名称：水电新村17间门面房用水管道改造分户施工",{"$nulls":3},"标段：水电新村17间门面房用水管道改造分户施工",{"$nulls":4},"第 5 页  共 5 页"]
["序号","项目编码","项目名称","项目特征描述",null,"计量单位","工程量","金额（元）"]
[{"$nulls":7},"综合单价","合价",null,"其中"]
[{"$nulls":10},"定额人工费","定额机械费","暂估价"]
[21,"WB040501021002","砂回填","1.名称：砂回填\n2.材质：中粗砂\n3.回填至管顶上方20cm\n4.未尽事宜详见图纸、招标文件、答疑、图集、政府相关文件及规范等其他资料",null,"m³",38.33,288.17,11045.56,null,1170.21,80.49]
[22,"040503001001","管道支墩（挡墩）","1.名称：管道支墩（三通弯头水表等支墩）\n2.材质：见图\n3.未尽事宜详见图纸、招标文件、答疑、图集、政府相关文件及规范等其他资料",null,"m³",1.5,773.72,1160.58,null,379.31,65.28]
[23,"ZB010101003001","垃圾外运","1.名称：本工程破除所产生的垃圾外运\n2.运距接合现场自行考虑\n3.未尽事宜详见图纸、招标文件、答疑、图集、政府相关文件及规范等其他资料",null,"项",1,1000,1000]
[24,"ZB010101003002","水损","1.名称：不停水开孔产生的水损费\n2.未尽事宜详见图纸、招标文件、答疑、图集、政府相关文件及规范等其他资料",null,"项",1,600,600]
[25,"ZB010101003003","大型机械进出场及安拆","1.名称：大型机械进出场及安拆\n2.机械类型：接合现场自行考虑\n3.包含但不限于机械进出场费用、安装、拆除及基础等所有费用\n4.未尽事宜详见图纸、招标文件、答疑、图集、政府相关文件及规范等其他资料",null,"项",1,6259.35,6259.35,null,1680,2975.02]
[]
[]
[]
["安徽省建设工程造价计价软件测评合格编号：2018-JS-12"]

{"sheet":"E.1 分部分项工程量清单与计价表 (校核)","index":2,"n_rows":63,"n_cols":15,"rows_kept":63,"merged":[[0,0,0,12],[1,0,1,12],[2,0,2,3],[2,4,2,8],[2,9,2,12],[3,0,5,0],[3,1,5,1],[3,2,5,2],[3,3,5,4],[3,5,5,5],[3,6,5,6],[3,7,3,12],[4,7,5,7],[4,8,5,9],[4,10,4,12],[6,3,6,4],[6,8,6,9],[7,3,7,4],[7,8,7,9],[8,3,8,4],[8,8,8,9],[9,3,9,4],[9,8,9,9],[10,3,10,4],[10,8,10,9],[11,0,11,12],[12,0,12,12],[13,0,13,12],[14,0,14,3],[14,4,14,8],[14,9,14,12],[15,0,17,0],[15,1,17,1],[15,2,17,2],[15,3,17,4],[15,5,17,5],[15,6,17,6],[15,7,15,12],[16,7,17,7],[16,8,17,9],[16,10,16,12],[18,3,18,4],[18,8,18,9],[19,3,19,4],[19,8,19,9],[20,3,20,4],[20,8,20,9],[21,3,21,4],[21,8,21,9],[22,0,22,12],[23,0,23,12],[24,0,24,12],[25,0,25,3],[25,4,25,8],[25,9,25,12],[26,0,28,0],[26,1,28,1],[26,2,28,2],[26,3,28,4],[26,5,28,5],[26,6,28,6],[26,7,26,12],[27,7,28,7],[27,8,28,9],[27,10,27,12],[29,3,29,4],[29,8,29,9],[30,3,30,4],[30,8,30,9],[31,3,31,4],[31,8,31,9],[32,3,32,4],[32,8,32,9],[33,3,33,4],[33,8,33,9],[34,0,34,12],[35,0,35,12],[36,0,36,12],[37,0,37,3],[37,4,37,8],[37,9,37,12],[38,0,40,0],[38,1,40,1],[38,2,40,2],[38,3,40,4],[38,5,40,5],[38,6,40,6],[38,7,38,12],[39,7,40,7],[39,8,40,9],[39,10,39,12],[41,3,41,4],[41,8,41,9],[42,3,42,4],[42,8,42,9],[43,3,43,4],[43,8,43,9],[44,3,44,4],[44,8,44,9],[45,3,45,4],[45,8,45,9],[46,3,46,4],[46,8,46,9],[47,0,47,12],[48,0,48,12],[49,0,49,12],[50,0,50,3],[50,4,50,8],[50,9,50,12],[51,0,53,0],[51,1,53,1],[51,2,53,2],[51,3,53,4],[51,5,53,5],[51,6,53,6],[51,7,51,12],[52,7,53,7],[52,8,53,9],[52,10,52,12],[54,3,54,4],[54,8,54,9],[55,3,55,4],[55,8,55,9],[56,3,56,4],[56,8,56,9],[57,3,57,4],[57,8,57,9],[58,3,58,4],[58,8,58,9],[59,3,59,4],[59,8,59,9],[60,3,60,4],[60,8,60,9],[61,3,61,4],[61,8,61,9],[62,0,62,12]]}
[]
["分部分项工程量清单计价表"]
["工程名称：水电新村17间门面房用水管道改造分户施工",{"$nulls":3},"标段：水电新村17间门面房用水管道改造分户施工",{"$nulls":4},"第 1 页  共 5 页"]
["序号","项目编码","项目名称","项目特征描述",null,"计量单位","工程量","金额（元）"]
[{"$nulls":7},"综合单价","合价",null,"其中"]
[{"$nulls":10},"定额人工费","定额机械费","暂估价"]
[1,"031001011001","管道碰头","1.名称：不停水开孔\n2.球墨铸铁管开孔DN150*150*50\n3.未尽事宜详见图纸、招标文件、答疑、图集、政府相关文件及规范等其他资料",null,"处",2,1694.45,3388.9,null,758.52,885.18,null,4751.32,{"$f":"N7-I7","v":1362.4199999999996}]
[2,"031001011002","管道碰头","1.名称：不停水开孔\n2.球墨铸铁管开孔DN100*100*50\n3.未尽事宜详见图纸、招标文件、答疑、图集、政府相关文件及规范等其他资料",null,"处",1,1271.77,1271.77,null,256.62,354.66,null,1767.22,{"$f":"N8-I8","v":495.45000000000005}]
[3,"031003001001","螺纹阀门","1.名称：梯后免维护阀门\n2.型号：DN50\n3.未尽事宜详见图纸、招标文件、答疑、图集、政府相关文件及规范等其他资料",null,"个",3,329.26,987.78,null,116.76,9.66,null,988.62,0.8400000000000318]
[4,"040504001001","砌筑检查井","1.名称：梯口阀门井\n2.型号：400*400\n3.含井圈井盖\n4.未尽事宜详见图纸、招标文件、答疑、图集、政府相关文件及规范等其他资料",null,"座",3,1160.85,3482.55,null,647.88,15.51,null,3523.14,40.58999999999969]
[5,"031001007001","复合管","1.安装部位:室外\n2.介质:给水\n3.规格、压力等级:衬塑复合管DN50\n4.连接形式:丝扣连接\n5.压力试验及消毒、吹洗设计要求\n6.警示带形式\n7.管件制安\n8.未尽事宜详见图纸、招标文件、答疑、图集、政府相关文件及规范等其他资料",null,"m",99,76.43,7566.57,null,1831.5,127.71,null,7643.79,77.22000000000025]
["安徽省建设工程造价计价软件测评合格编号：2018-JS-12"]
[]
["分部分项工程量清单计价表"]
["工程名称：水电新村17间门面房用水管道改造分户施工",{"$nulls":3},"标段：水电新村17间门面房用水管道改造分户施工",{"$nulls":4},"第 2 页  共 5 页"]
["序号","项目编码","项目名称","项目特征描述",null,"计量单位","工程量","金额（元）"]
[{"$nulls":7},"综合单价","合价",null,"其中"]
[{"$nulls":10},"定额人工费","定额机械费","暂估价"]
[6,"031001007002","复合管","1.安装部位:室外\n2.介质:给水\n3.规格、压力等级:衬塑复合管DN15\n4.连接形式:丝扣连接\n5.压力试验及消毒、吹洗设计要求\n6.警示带形式\n7.管件制安\n8.未尽事宜详见图纸、招标文件、答疑、图集、政府相关文件及规范等其他资料",null,"m",102,32.73,3338.46,null,1265.82,30.6,null,3400.68,{"$f":"N19-I19","v":62.2199999999998}]
[7,"031001006001","塑料管","1.安装部位:室外\n2.介质:给水\n3.规格、压力等级:PE给水管dn20\n4.连接形式:丝扣连接\n5.压力试验及消毒、吹洗设计要求\n6.警示带形式\n7.管件制安\n8.未尽事宜详见图纸、招标文件、答疑、图集、政府相关文件及规范等其他资料",null,"m",170,16.52,2808.4,null,1283.5,3.4,null,2818.6,10.199999999999818]
[8,"031003001002","螺纹阀门","1.名称：磁控阀\n2.型号：DN15\n3.未尽事宜详见图纸、招标文件、答疑、图集、政府相关文件及规范等其他资料",null,"个",17,45.63,775.71,null,123.76,2.55,null,1116.56,340.8499999999999]
[9,"031003001003","螺纹阀门","1.名称：铜闸阀\n2.型号：DN15\n3.未尽事宜详见图纸、招标文件、答疑、图集、政府相关文件及规范等其他资料",null,"个",17,34.29,582.93,null,109.48,18.53,null,583.78,{"$f":"N22-I22","v":0.8500000000000227}]
["安徽省建设工程造价计价软件测评合格编号：2018-JS-12"]
[]
["分部分项工程量清单计价表"]
["工程名称：水电新村17间门面房用水管道改造分户施工",{"$nulls":3},"标段：水电新村17间门面房用水管道改造分户施工",{"$nulls":4},"第 3 页  共 5 页"]
["序号","项目编码","项目名称","项目特征描述",null,"计量单位","工程量","金额（元）"]
[{"$nulls":7},"综合单价","合价",null,"其中"]
[{"$nulls":10},"定额人工费","定额机械费","暂估价"]
[10,"031003013001","水表","1.名称：远传智能水表（含铜接头）\n2.型号：DN15\n3.未尽事宜详见图纸、招标文件、答疑、图集、政府相关文件及规范等其他资料",null,"个",17,234.13,3980.21,null,209.44,2.21,null,3981.74,{"$f":"N30-I30","v":1.5299999999997453}]
[11,"ZB010101001001","水表保温套","1.名称：水表保温套\n2.型号：DN15\n3.未尽事宜详见图纸、招标文件、答疑、图集、政府相关文件及规范等其他资料",null,"只",17,20,340,{"$nulls":4},340,0]
[12,"ZB010101002001","保温套管","1.名称：保温套管\n2.型号：DN25\n3.配套管卡\n4.未尽事宜详见图纸、招标文件、答疑、图集、政府相关文件及规范等其他资料",null,"m",170,11.95,2031.5,null,766.7,3.4,null,2036.6,5.099999999999909]
[13,"031001006002","塑料管","1.名称：PVC排水管（表后管道套管）\n2.型号：DN50\n3.配套管卡\n4.未尽事宜详见图纸、招标文件、答疑、图集、政府相关文件及规范等其他资料",null,"m",85,23.36,1985.6,null,860.2,null,null,1990.7,5.100000000000136]
[14,"040504001002","砌筑检查井","1.名称：砖砌水表井\n2.型号：600*400\n3.含铸铁井圈井盖\n4.未尽事宜详见图纸、招标文件、答疑、图集、政府相关文件及规范等其他资料",null,"座",17,967.37,16445.29,null,3059.49,73.27,null,23291.53,{"$f":"N34-I34","v":6846.239999999998}]
["安徽省建设工程造价计价软件测评合格编号：2018-JS-12"]
[]
["分部分项工程量清单计价表"]
["工程名称：水电新村17间门面房用水管道改造分户施工",{"$nulls":3},"标段：水电新村17间门面房用水管道改造分户施工",{"$nulls":4},"第 4 页  共 5 页"]
["序号","项目编码","项目名称","项目特征描述",null,"计量单位","工程量","金额（元）"]
[{"$nulls":7},"综合单价","合价",null,"其中"]
[{"$nulls":10},"定额人工费","定额机械费","暂估价"]
[15,"ZB010101002003","路面破除","1.名称：沥青水泥路面破除\n2.具体要求接合现场\n3.锯缝机锯缝，含面层及基层破除\n4.未尽事宜详见图纸、招标文件、答疑、图集、政府相关文件及规范等其他资料",null,"m",96,18.06,1733.76,null,652.8,653.76,null,2157.12,{"$f":"N42-I42","v":423.3599999999999}]
[16,"ZB010101002004","路面恢复","1.名称：沥青水泥路面恢复\n2.具体要求接合现场，材质及厚度不低于原路面\n3.含面层及基层\n4.未尽事宜详见图纸、招标文件、答疑、图集、政府相关文件及规范等其他资料",null,"m",96,73.69,7074.24,null,631.68,80.64,null,7554.24,480]
[17,"040101002001","挖沟槽土方","1.名称：沟槽土方开挖\n2.未尽事宜详见图纸、招标文件、答疑、图集、政府相关文件及规范等其他资料",null,"m³",108.36,4.71,510.38,null,42.26,347.84,null,656.17,145.78999999999996]
[18,"040103001001","回填方","1.名称：沟槽土方回填\n2.未尽事宜详见图纸、招标文件、答疑、图集、政府相关文件及规范等其他资料",null,"m³",54.69,15.72,859.73,null,505.34,114.85,null,1347.83,488.0999999999999]
[19,"040103002001","余方弃置","1.名称：余方弃置\n2.运距接合现场自行考虑\n3.未尽事宜详见图纸、招标文件、答疑、图集、政府相关文件及规范等其他资料",null,"m³",53.66,17.64,946.56,null,15.02,708.85,null,948.17,1.6100000000000136]
[20,"WB040501021001","管道垫层","1.名称：管道垫层\n2.材质：中粗砂\n3.未尽事宜详见图纸、招标文件、答疑、图集、政府相关文件及规范等其他资料",null,"m³",15.33,288.17,4417.65,null,468.02,32.19,null,5267.39,{"$f":"N47-I47","v":849.7400000000007}]
["安徽省建设工程造价计价软件测评合格编号：2018-JS-12"]
[]
["分部分项工程量清单计价表"]
["工程名称：水电新村17间门面房用水管道改造分户施工",{"$nulls":3},"标段：水电新村17间门面房用水管道改造分户施工",{"$nulls":4},"第 5 页  共 5 页"]
["序号","项目编码","项目名称","项目特征描述",null,"计量单位","工程量","金额（元）"]
[{"$nulls":7},"综合单价","合价",null,"其中"]
[{"$nulls":10},"定额人工费","定额机械费","暂估价"]
[21,"WB040501021002","砂回填","1.名称：砂回填\n2.材质：中粗砂\n3.回填至管顶上方20cm\n4.未尽事宜详见图纸、招标文件、答疑、图集、政府相关文件及规范等其他资料",null,"m³",38.33,288.17,11045.56,null,1170.21,80.49,null,13170.19,{"$f":"N55-I55","v":2124.630000000001}]
[22,"040503001001","管道支墩（挡墩）","1.名称：管道支墩（三通弯头水表等支墩）\n2.材质：见图\n3.未尽事宜详见图纸、招标文件、答疑、图集、政府相关文件及规范等其他资料",null,"m³",1.5,773.72,1160.58,null,379.31,65.28,null,1205.55,44.97000000000003]
[23,"ZB010101003001","垃圾外运","1.名称：本工程破除所产生的垃圾外运\n2.运距接合现场自行考虑\n3.未尽事宜详见图纸、招标文件、答疑、图集、政府相关文件及规范等其他资料",null,"项",1,1000,1000,{"$nulls":4},2000,1000]
[24,"ZB010101003002","水损","1.名称：不停水开孔产生的水损费\n2.未尽事宜详见图纸、招标文件、答疑、图集、政府相关文件及规范等其他资料",null,"项",1,600,600,{"$nulls":4},600,0]
[25,"ZB010101003003","大型机械进出场及安拆","1.名称：大型机械进出场及安拆\n2.机械类型：接合现场自行考虑\n3.包含但不限于机械进出场费用、安装、拆除及基础等所有费用\n4.未尽事宜详见图纸、招标文件、答疑、图集、政府相关文件及规范等其他资料",null,"项",1,6259.35,6259.35,null,1680,2975.02,null,6274.21,{"$f":"N59-I59","v":14.859999999999673}]
[]
[]
[]
["安徽省建设工程造价计价软件测评合格编号：2018-JS-12"]